Score 0/30 Timer 05:00
10 Plays Today
% Correct
Teenage Mutant
98.4%
Looney
97.8%
Inspector
97.3%
G.I.
97.2%
Powerpuff
97%
Pink
96.1%
Jimmy
95%
Strawberry
95%
Hey
93.6%
Dexter's
93.4%
Family
92.5%
The Fairly
92%
Speed
91.8%
Bob's
90.4%
Duck
85.9%
% Correct
Pound
81.4%
Teen
80.9%
Adventure
78.9%
Batman
78%
Robot
76.2%
Jonny
75.7%
Aqua Teen
75.4%
Sailor
74.4%
Samurai
73.3%
Æon
67.4%
Danny
63.4%
Regular
57.9%
Annoying
53.4%
Cowboy
49.3%
Clone
42.5%
Remove Ads.
Support Sporcle.
Get the best of Sporcle when you Go Orange. This ad-free experience offers more features, more stats, and more fun while also helping to support Sporcle. Thank you for becoming a member.

You're not logged in!

Compare scores with friends on all Sporcle quizzes.
OR
Log In

Sporcle TV

Today on Sporcle TV


Watch our educational content, quiz creation guides, and fun videos on Sporcle TV.

Show Comments

Extras

Top Quizzes Today


Score Distribution

Paid Content

Your Account Isn't Verified!

In order to create a playlist on Sporcle, you need to verify the email address you used during registration. Go to your Sporcle Settings to finish the process.

Report this User

Report this user for behavior that violates our Community Guidelines.

Details: